=LDR 00000nam 2200000 4500 =001 INLIS000000000050456 =005 20170504022050 =035 ##$$a 0010-0517000109 =007 ta =008 170504###########################0###### =020 ##$$a 978 - 602 - 6348 - 64 - 7 =082 ##$$a 639.31 =084 ##$$a 639.31 MAR u =100 #$$a Marlisa =245 1#$$a Untung melimpah dari beternak ikan nila /$c Marlisa =250 ##$$a Cet.1 =260 ##$$a Yogyakarta :$b Air Publishing,$c 2016 =300 ##$$a 100 hlm : $b ilus ; $c 20,5 cm =650 ##$$a IKAN NILA =990 ##$$a 78527852 =990 ##$$a 78527852 =990 ##$$a 31701216 =990 ##$$a 02201707852 =990 ##$$a 31701215 =990 ##$$a 31701216